00565 2200157 4500245009300000020002200093250001000115100002400125005001900149260004100168041001400209084001200223500009700235490006600332336000900398 aENSIKLOPEDI KEMUJIZATAN ILMIAH DALAM AL-QURAN DAN SUNAH VOL.4cYUSUF AL-HAJJ AHMADhText a978-6-02-841500-4 aCet.1 aYUSUF AL-HAJJ AHMAD a20240826120726 aJakartabMAKTABAH IBNU HAJAR, SURIAH aIndonesia a297.114 aDaftar isi : data data faktual mengenai alam semesta, bintang netron,rasi bintang dan meteor aENSIKLOPEDI KEMUJIZATAN ILMIAH DALAM AL-QURAN DAN SUNAH VOL.4 atext